Statistics for European Countries by First 2 Letters

Click here to take the quiz!

General Stats

  • This quiz has been taken 163,727 times
  • The average score is 31 of 45

Answer Stats

country % Correct
France
94%
Poland
93%
Portugal
93%
Switzerland
92%
Sweden
92%
Spain
91%
Germany
90%
Italy
89%
Norway
88%
Ireland
87%
Ukraine
85%
Finland
83%
Belgium
82%
Belarus
82%
United
Kingdom
80%
Russia
78%
Iceland
78%
Liechtenstein
73%
Lithuania
73%
Netherlands
71%
Denmark
71%
Greece
71%
North
Macedonia
68%
Latvia
65%
Estonia
64%
Moldova
63%
Monaco
63%
Montenegro
63%
Romania
59%
Austria
59%
Slovakia
56%
Slovenia
56%
Czechia
54%
Malta
53%
Luxembourg
51%
Bulgaria
51%
Croatia
49%
Serbia
49%
Hungary
49%
Andorra
48%
Albania
47%
Vatican City
43%
San Marino
42%
Bosnia and
Herzegovina
41%
Kosovo
32%

Score Distribution

Percentile by Number Answered

Percent of People with Each Score

Your Score History

You have not taken this quiz